000 00988aam a2200313 i 4500
999 _c45842
_d45842
001 768714001
003 CO-MdFUSB
005 20201109084733.0
007 ta
008 200514t1934 enk |||| |||| 00| 0 eng d
020 _a[1934]
040 _bspa.
_aCO-MdFUSB
_cCO-MdFUSB
_dCO-MdFUSBC
_erda
041 _aeng
082 _223
_a226.07
_bR785
100 _aRopes, James Hardy,
_eautor
245 1 4 _aThe synoptic gospels
_c/ James Hardy Ropes
264 1 _aCambridge, Massachusetts :
_bHardvard university Press,
_c[1934]
264 4 _c© 1934
300 _a117 páginas
_c; 20 cm
336 _atexto
_btxt
_2rdacontent
337 _2rdamedia
_asin mediación
_bn
338 _2rdacarrier
_avolumen
_bnc
505 _aEl evangelio de Marcos - El evangelio de Mateo - El evangelio de Lucas - Los evangelios sinópticos
563 _aPasta dura
630 7 _aBiblia.
_pEvangelios
_xCrítica, interpretación, etc.
942 _cBK
945 _aJTF-925